Aspects of patient conducting in nursing
Elmentve itt :
| Szerző: | |
|---|---|
| Dokumentumtípus: | Cikk |
| Megjelent: |
2015
|
| Sorozat: | Acta Sana
10 No. 1 |
| Kulcsszavak: | Egészségügy |
| Online Access: | http://acta.bibl.u-szeged.hu/35305 |
| LEADER | 00590nab a2200181 i 4500 | ||
|---|---|---|---|
| 001 | acta35305 | ||
| 005 | 20210319154422.0 | ||
| 008 | 161017s2015 hu o 0|| eng d | ||
| 022 | |a 2060-3142 | ||
| 040 | |a SZTE Egyetemi Kiadványok Repozitórium |b hun | ||
| 041 | |a eng | ||
| 100 | 1 | |a Helembai Kornélia | |
| 245 | 1 | 0 | |a Aspects of patient conducting in nursing |h [elektronikus dokumentum] / |c Helembai Kornélia |
| 260 | |c 2015 | ||
| 300 | |a 23-29 | ||
| 490 | 0 | |a Acta Sana |v 10 No. 1 | |
| 695 | |a Egészségügy | ||
| 856 | 4 | 0 | |u http://acta.bibl.u-szeged.hu/35305/1/sana_2015_001_023-029.pdf |z Dokumentum-elérés |